000
00210nam a22000857a 4500
008
170128b xxu||||| |||| 00| 0 eng d
100
_9
2624
_a
Vaidyanathan.M
245
_a
Abc in Rhymes
260
_a
New delhi
_b
ABD
_c
2010
999
_c
5767
_d
5767